Famous 'Br' People Quiz Stats

 Plays Quiz Updated Apr 6, 2016

Also try: Famous 'Ca' People
Challenge
Share
Tweet
Score 0/20 Timer 05:00
3 Plays Today
% Correct
James Brown
85.8%
Pierce Brosnan
82.7%
Tom Brady
82.5%
Kobe Bryant
80.2%
Jeff Bridges
77.9%
Matthew Broderick
75.5%
Marlon Brando
71.7%
Adrien Brody
64.5%
Charles Bronson
61.6%
Mel Brooks
59.8%
% Correct
Zach Braff
58.4%
Brandy
54.5%
Yul Brynner
52.3%
Josh Brolin
51.3%
Kenneth Branagh
31.8%
Abigail Breslin
25.5%
Connie Britton
22%
Michelle Branch
15.8%
Toni Braxton
13.7%
Daniel Brühl
8%

You're not logged in!

Compare scores with friends on all Sporcle quizzes.
Join for Free
OR
Log In

You Might Also Like...

Show Comments

Extras

Top Quizzes Today


Score Distribution

Your Account Isn't Verified!

In order to create a playlist on Sporcle, you need to verify the email address you used during registration. Go to your Sporcle Settings to finish the process.

Report this User

Report this user for behavior that violates our Community Guidelines.

Details: